| 000 | 00756cam a22002653a 4500 | ||
|---|---|---|---|
| 001 | 6554 | ||
| 003 | PGUSA | ||
| 005 | 20140828083134.0 | ||
| 008 | 040901s2004||||xxu|||||s|||||000 1 eng d | ||
| 040 |
_aPGUSA _beng |
||
| 042 | _adc | ||
| 050 | 4 | _aPS | |
| 100 | 1 |
_aTarkington, Booth, _d1869-1946 |
|
| 245 | 1 | 0 |
_aPenrod _h[electronic resource] / _cBooth Tarkington |
| 260 |
_bProject Gutenberg, _c2004 |
||
| 506 | _aCopyrighted. Read the copyright notice inside this book for details. | ||
| 516 | _aElectronic text | ||
| 653 | _aMiddle West -- Fiction | ||
| 653 | _aBoys -- Fiction | ||
| 653 | _aHumorous stories | ||
| 653 | _aBildungsromans | ||
| 830 | 0 |
_aProject Gutenberg _v6554 |
|
| 856 | 4 | 0 | _uhttp://www.gutenberg.org/ebooks/6554 |
| 942 | _cAB | ||
| 999 |
_c235874 _d235874 |
||